000 01357nam a2200337 a 4500
001 000113483
003 CHAP
005 20220329144357.0
008 170724s2016 mx sm |||||||spa d
010 _a109944
011 _a110916
040 _cCHAP
090 _aTesis
100 1 _aSantos Alcaraz, Carmen Lilia de
_9132791
245 1 0 _aIdentificación y control de la pudrición de raíz y cuello (Phytophthora capsici Leo.) en jitomate (Solanum lycopersicum Peralta y Spooner), en Actopan Hidalgo
_h[En línea]
_cpor Carmen Lilia de Santos Alcaraz.
260 _aChapingo, Méx. :
_bEl autor,
_c2016.
500 _aPara ver el contenido del material haga clic en la liga
502 _aTesis (Ing. Agr. Esp. en Parasitología Agrícola) -- UACH. Departamento de Parasitología Agrícola
590 _aBATCH-UPD
_b05
_c20170724
_lUCH01
_h1251
590 _aE5765TAJ
_b05
_c20170724
_lUCH01
_h1221
590 _aE5765TAJ
_b05
_c20170724
_lUCH01
_h1239
590 _aE5765TAJ
_b05
_c20170724
_lUCH01
_h1250
650 1 4 _aFungicidas
_xAplicación.
_9126604
650 1 4 _aPudrición de la raíz
_xTomate.
_992857
650 1 4 _aPudrición del cuello
_xTomate.
_9132798
650 1 4 _aTomate
_xEnfermedades por hongos.
_9113713
856 _aFinding aid
_uhttp://10.13.5.2/tesis/sist113483.pdf
_zTeclea aquí
901 _aBK
942 _cTESIS
942 _n0
999 _c109944
_d109944